| 000 | 00607nam a22002417a 4500 | ||
|---|---|---|---|
| 003 | UA-OsUOA | ||
| 001 | 32561 | ||
| 007 | ta | ||
| 008 | 20050204b un ||||| |||| 00| 0 ukr d | ||
| 100 | _aМаневич Е. Л. | ||
| 090 |
_a331(47+57) _bМ23 |
||
| 942 | _cBK | ||
| 040 |
_aUA-OsUOA _brus _cUA-OsUOA _dUA-OsUOA |
||
| 245 | _aЗаработная плата и ее формы в промышленности | ||
| 300 | _a210 с. | ||
| 955 | _a0 | ||
| 041 | _arus | ||
| 080 | _a331(47+57) | ||
| 260 |
_aМ. _bГОСПЛАНИЗДАТ _c1951 |
||
| 044 | _aRU | ||
| 650 | 7 | _2UDC | |
| 999 |
_c319006 _d319006 |
||